| 000 | 00484nam a2200145Ia 4500 | ||
|---|---|---|---|
| 008 | 210430s9999 xx 000 0 und d | ||
| 020 | _a978-81-203-3289-8 | ||
| 082 | _a669.142G 4271 I | ||
| 100 |
_aAhindara Ghosh, Amit Chatterjee _9127758 |
||
| 245 |
_aIronmaking and Steelmaking Theory and Practice / _cGhosh |
||
| 260 |
_aIndia _bPHI Learning _c2010 |
||
| 300 | _a472 p | ||
| 856 |
_uhttp://10.250.8.41:8080/xmlui/handle/123456789/46427 _yFor E-book Click here |
||
| 942 |
_cBK _2ddc |
||
| 999 |
_c564949 _d564949 |
||